Cahiers du monde russe et soviétique.

Bibliographic Details
New Title:Cahiers du monde russe
Corporate Authors: École pratique des hautes études (France). Section des sciences économiques et sociales, École des hautes études en sciences sociales
Format: Journal
Language:French
Russian
Published: Paris : Mouton, 1959-1993.
Subjects:
Online Availability: Check for online availability

MARC

Tag First Indicator Second Indicator Subfields
LEADER 00000cas a2200000 a 4500
001 in00002783212
005 20151202171813.0
006 m o d
007 cr |||||||||||
008 090801d19591993fr qx poo 0 0fre c
010 |a  2009235267 
016 7 |a 2510124-9  |2 DE-600 
016 7 |a 995952566  |2 DE-101 
022 |y 0008-0160 
029 1 |a HEBIS  |b 21474177X 
029 1 |a GWDNB  |b 995952566 
029 1 |a NZ1  |b 13969523 
029 1 |a AU@  |b 000044528999 
035 |a (OCoLC)ocn428846723 
035 |a (OCoLC)428846723 
040 |a EYM  |c EYM  |d HLS  |d MUQ  |d CUS  |d HEBIS  |d GWDNB  |d OCLCQ  |d TXA  |d UtOrBLW 
041 0 |a fre  |a rus 
042 |a pcc 
043 |a e-ur--- 
049 |a TXAM 
050 1 4 |a DK1  |b .C2 Electronic 
245 0 0 |a Cahiers du monde russe et soviétique. 
264 1 |a Paris :  |b Mouton,  |c 1959-1993. 
310 |a Quarterly (irregular) 
336 |a text  |b txt  |2 rdacontent 
337 |a computer  |b c  |2 rdamedia 
338 |a online resource  |b cr  |2 rdacarrier 
362 1 |a Began with: Vol. 1, (1) (mai 1959); ceased with: Vol. 34, (4) (oct.-déc. 1993). 
500 |a Description based on: Volume 1, (1) (mai 1959); title from title page (JSTOR, viewed July 31, 2009). 
500 |a Final issue consulted: Volume 34, (4) (oct.-déc. 1993) (JSTOR, viewed July 31, 2009). 
525 |a Supplement. 1-, Paris, 1964- 
550 |a Vols. for 1959-1974 issued by Ecole pratique des hautes études, Sixième section: sciences économiques et sociales; 1975-1993 by Ecole des hautes études en sciences sociales. 
555 |a Vols. 1-10, May 1959-1969, with v. 10.; v. 1-20, 1959-1979 (Suppl. to v. 21, fasc. 1); v. 1-29, 1959-1988 (Suppl. to v. 33, no 3/4). 
500 |a Electronic resource. 
651 0 |a Soviet Union  |v Periodicals. 
651 6 |a URSS  |v Périodiques. 
710 2 |a École pratique des hautes études (France).  |b Section des sciences économiques et sociales. 
710 2 |a École des hautes études en sciences sociales. 
776 0 8 |i Print version:  |t Cahiers du monde russe et soviétique  |w (DLC) 62035317  |w (OCoLC)1538068 
785 0 0 |t Cahiers du monde russe  |w (DLC) 2009235266  |w (OCoLC)220954172 
948 |a cataloged  |b h  |c 2012/12/11  |d c  |e spoltoratski  |f 1:57:17 pm  |g sc 
994 |a C0  |b TXA 
999 |a MARS 
999 f f |s 434ff4c1-9b35-3e59-aa8c-efa7f4e18770  |i 446694ef-60fa-3cee-b978-f515c4a558d8  |t 0 
952 f f |a Texas A&M University  |b College Station  |c Electronic Resources  |d Available Online  |t 0  |e DK1 .C2  |g Electronic  |h Library of Congress classification 
998 f f |a DK1 .C2  |t 0  |l Available Online